Statistiques concernant Sélection de Tuiles - Carte du Monde

Cliquez ici pour prendre le quiz!

Statistiques générales

  • Ce quiz a été pris 17 907 fois
  • Le résultat moyen est 61 sur 80

Statistiques - réponses

QuestionTuileSelect% Correct
comportant un pays de plus d'un milliard d'habitantsNon
99%
comportant un pays de plus d'un milliard d'habitantsNon
99%
comportant un pays de plus d'un milliard d'habitantsNon
99%
comportant un pays de plus d'un milliard d'habitantsNon
97%
comportant un pays de plus d'un milliard d'habitantsNon
97%
comportant un pays de plus d'un milliard d'habitantsNon
96%
comportant un pays de plus d'un milliard d'habitantsNon
95%
qui contiennent au moins un pays commençant par RNon
93%
comportant un pays de plus d'un milliard d'habitantsNon
93%
comportant un pays de plus d'un milliard d'habitantsOui
93%
qui contiennent au moins un pays commençant par RNon
93%
qui contiennent au moins un pays commençant par RNon
92%
qui contiennent au moins un pays commençant par RNon
92%
qui contiennent au moins un pays commençant par RNon
92%
qui contiennent au moins un département françaisNon
92%
qui contiennent au moins un pays commençant par RNon
92%
qui contiennent au moins un département françaisNon
91%
qui contiennent au moins un département françaisNon
91%
qui contiennent au moins un département françaisNon
91%
qui contiennent au moins un département françaisNon
91%
qui contiennent au moins un pays commençant par RNon
91%
qui contiennent au moins un pays commençant par RNon
91%
qui contiennent au moins un département françaisNon
90%
qui contiennent au moins un département françaisNon
90%
avec au moins un pays enclavé (sans littoral)Non
90%
avec au moins un pays enclavé (sans littoral)Non
90%
avec au moins un pays enclavé (sans littoral)Non
90%
comportant un pays de plus d'un milliard d'habitantsNon
90%
avec au moins un pays enclavé (sans littoral)Non
89%
avec au moins un pays enclavé (sans littoral)Non
89%
avec au moins un pays enclavé (sans littoral)Non
89%
qui contiennent au moins un département françaisNon
89%
qui contiennent au moins un pays commençant par RNon
89%
qui contiennent au moins un département françaisNon
88%
qui contiennent au moins un pays commençant par ROui
87%
qui contiennent au moins un département françaisOui
87%
comportant un pays de plus d'un milliard d'habitantsNon
87%
qui contiennent au moins un département françaisNon
87%
comportant un pays de plus d'un milliard d'habitantsOui
83%
comportant un pays de plus d'un milliard d'habitantsNon
83%
avec 3 pays ou moinsNon
80%
avec 3 pays ou moinsNon
80%
avec 3 pays ou moinsNon
80%
avec 3 pays ou moinsNon
80%
avec 3 pays ou moinsNon
80%
avec 3 pays ou moinsNon
80%
avec 3 pays ou moinsNon
79%
avec 3 pays ou moinsNon
79%
avec 3 pays ou moinsNon
79%
avec 3 pays ou moinsNon
79%
qui contiennent au moins un département françaisNon
78%
avec 3 pays ou moinsNon
78%
avec au moins un pays enclavé (sans littoral)Oui
78%
avec au moins un pays enclavé (sans littoral)Oui
75%
avec au moins un pays enclavé (sans littoral)Oui
74%
qui contiennent au moins un pays commençant par ROui
73%
avec 3 pays ou moinsNon
71%
qui contiennent au moins un pays commençant par ROui
69%
avec au moins un pays enclavé (sans littoral)Oui
69%
qui contiennent au moins un département françaisOui
67%
avec au moins un pays enclavé (sans littoral)Oui
67%
avec 3 pays ou moinsOui
66%
qui contiennent au moins un département françaisOui
62%
avec 3 pays ou moinsOui
61%
qui contiennent au moins un département françaisOui
58%
avec au moins un pays enclavé (sans littoral)Oui
56%
avec 3 pays ou moinsNon
55%
qui contiennent au moins un département françaisNon
50%
avec au moins un pays enclavé (sans littoral)Oui
50%
avec au moins un pays enclavé (sans littoral)Oui
50%
comportant un pays de plus d'un milliard d'habitantsOui
47%
avec au moins un pays enclavé (sans littoral)Oui
46%
avec au moins un pays enclavé (sans littoral)Oui
45%
comportant un pays de plus d'un milliard d'habitantsOui
45%
qui contiennent au moins un pays commençant par ROui
35%
comportant un pays de plus d'un milliard d'habitantsOui
33%
qui contiennent au moins un pays commençant par ROui
30%
avec 3 pays ou moinsOui
30%
qui contiennent au moins un pays commençant par ROui
17%
qui contiennent au moins un pays commençant par ROui
8%

Distribution des résultats

Percentile par nombre de réponses

% des personnes avec chaque résultat

Votre développement - résultats

Vous n’avez pas pris ce quiz